| 000 | 00464nam a2200157Ia 4500 | ||
|---|---|---|---|
| 001 | 65159 | ||
| 008 | 220214n2016 ii |||gr||||Z||||||465 | ||
| 020 | _a9788123900131 | ||
| 082 | _a551 | ||
| 100 |
_aMahapatra, Girija Bhushan , _eAuthor. |
||
| 245 | 0 |
_aA text book of geology _cGirija Bhushan Mahapatra _hTextual Documents |
|
| 260 |
_aKolkata _bCBS Publishers & Distributors Pvt. Ltd. _c2016 |
||
| 300 |
_axv, 366p.: _c20cm. |
||
| 653 | _aGeology | ||
| 942 |
_2ddc _cBK |
||
| 999 |
_c66259 _d66259 |
||